logo

Bir Sreshtho Munshi Abdur Rouf Library
Jhenaidah Cadet College

Under siege : (Record no. 7910)

MARC details
000 -LEADER
fixed length control field 00917nam a2200313 a 4500
001 - CONTROL NUMBER
JCCL Control Number 7910
003 - CONTROL NUMBER IDENTIFIER
JCCL marc code BD - JhCC
005 - DATE AND TIME OF LATEST TRANSACTION
control field 20180215113656.0
008 - FIXED-LENGTH DATA ELEMENTS--GENERAL INFORMATION
fixed length control field 891204s1989 enk b 001 0 eng d
020 ## - INTERNATIONAL STANDARD BOOK NUMBER
International Standard Book Number 1850650519 (Hurst)
020 ## - INTERNATIONAL STANDARD BOOK NUMBER
International Standard Book Number 0312037090 (St. Martin's)
035 ## - SYSTEM CONTROL NUMBER
system control number (BD - JhCC)7910
040 ## - CATALOGING SOURCE
Original cataloging agency DLC
Transcribing agency DLC
Modifying agency BD-JhCC
041 ## - LANGUAGE CODE
Language code of Book eng
050 #0 - LIBRARY OF CONGRESS CALL NUMBER
Classification number DA990.U46
Item number A87 1989
082 ## - DEWEY DECIMAL CLASSIFICATION NUMBER
Classification number 941.60824
DDC Edition number 20
Author mark and Year AUG 1989
100 1# - MAIN ENTRY--PERSONAL NAME
Personal name Aughey, Arthur.
245 10 - TITLE STATEMENT
Title Under siege :
Remainder of title Ulster Unionism and the Anglo-Irish agreement /
Statement of responsibility, etc Arthur Aughey
260 ## - PUBLICATION, DISTRIBUTION, ETC. (IMPRINT)
Place of publication, distribution, etc London :
Name of publisher, distributor, etc Hurst,
Date of publication, distribution, etc 1989
263 ## - PROJECTED PUBLICATION DATE
Projected publication date 8912
300 ## - PHYSICAL DESCRIPTION
Pagination xv, 214 p. ;
Dimensions 22 cm
500 ## - GENERAL NOTE
General note dbd
650 #0 - SUBJECT ADDED ENTRY--TOPICAL TERM
Topical term or geographic name as entry element Irish question
651 #0 - SUBJECT ADDED ENTRY--GEOGRAPHIC NAME
Geographic name Northern Ireland
General subdivision Politics and government
Chronological subdivision 1969-1994
651 #0 - SUBJECT ADDED ENTRY--GEOGRAPHIC NAME
Geographic name Great Britain
General subdivision Foreign relations
Geographic subdivision Ireland
651 #0 - SUBJECT ADDED ENTRY--GEOGRAPHIC NAME
Geographic name Ireland
General subdivision Foreign relations
Geographic subdivision Great Britain
942 ## - ADDED ENTRY ELEMENTS (KOHA)
Source of classification or shelving scheme Dewey Decimal Classification
Koha item type Books
Holdings
Source of classification or shelving scheme Damaged status Not for loan Home library Current library Shelving location Total Checkouts Full call number Barcode Date last seen Copy number Koha item type
Dewey Decimal Classification     JCC Rouf Library JCC Rouf Library General Stacks   941.60824 AUG 1989 816 02/15/2018 C - 1 Books

JCC Library | Contacts | JCC Home

Last Update on 23 September 2017
Copyright @ 2017-2020 JCC Rouf Library
Rouf Library, Jhenidah Cadet College (JCC), Bangladesh